000 00318nam a2200145Ia 4500
100 _aLiao/Samuel Y
250 _a3
942 _cBK
654 _amicrowave
245 _aMicrowave devices and circuits
260 _bPrentice -Hall
_aNew Delhi
_c2004
082 _a621.3813
_bLIA
300 _a542
546 _aENGLISH
999 _c19601
_d19601